000 00582nam a2200217 i 4500
001 146298
003 ES-MaACL
005 20250804062748.0
007 t|
008 070906s1978 sp ||||1| spa d
080 _a1(04)
100 1 _aTrías, Eugenio.
_9111368
245 1 3 _aLa memoria perdida de las cosas /
_cEugenio Trías.
260 _a[Madrid] :
_bTaurus,
_c[1978]
300 _a163 p. ;
_c21 cm.
490 1 _aEnsayistas
650 1 7 _aFilosofía
_2embne
_912802
830 0 _aEnsayistas
_9177257
852 _aES-MaACL
_jA-8860
_bR.98247
999 _c146298
_d146298